El darwinismo / (Record no. 31844)

MARC details
000 -LEADER
campo de control de longitud fija 00760nam a2200217 i 4500
001 - NÚMERO DE CONTROL
campo de control 31844
003 - IDENTIFICADOR DE NÚMERO DE CONTROL
campo de control ES-MaACL
005 - FECHA Y HORA DE LA ÚLTIMA TRANSACCIÓN
campo de control 20230906154445.0
007 - CAMPO FIJO DE DESCRIPCIÓN FÍSICA--INFORMACIÓN GENERAL
campo de control de longitud fija t|
008 - DATOS DE LONGITUD FIJA--INFORMACIÓN GENERAL
campo de control de longitud fija 030130s1976 sp ||||1| spa d
100 1# - ENTRADA PRINCIPAL--NOMBRE DE PERSONA
Nombre de persona Beckner, Morton O,.
9 (RLIN) 26966
245 13 - MENCIÓN DEL TÍTULO
Título El darwinismo /
Mención de responsabilidad, etc. Morton O. Beckner ; versión de Alfonso García Suárez.
260 ## - PUBLICACIÓN, DISTRIBUCIÓN, ETC.
Lugar de publicación, distribución, etc. Valencia :
Nombre del editor, distribuidor, etc. Universidad, Departamento de Lógica y Filosofía de la Ciencia,
Fecha de publicación, distribución, etc. 1976.
300 ## - DESCRIPCIÓN FÍSICA
Extensión 76 p. ;
Dimensiones 22 cm.
490 1# - MENCIÓN DE SERIE
Mención de serie Cuadernos Teorema
700 1# - ENTRADA AGREGADA--NOMBRE PERSONAL
Nombre de persona García Suárez, Alfonso.
9 (RLIN) 55313
710 2# - ENTRADA AGREGADA--NOMBRE DE ENTIDAD CORPORATIVA
Nombre de entidad corporativa o nombre de jurisdicción como elemento de entrada Universidad de Valencia.
Unidad subordinada Departamento de Lógica y Filosofía de la Ciencia.
9 (RLIN) 7323
830 0# - PUNTO DE ACCESO ADICIONAL DE SERIE-TÍTULO UNIFORME
Título uniforme Cuadernos Teorema
9 (RLIN) 180999
852 ## - LOCALIZACIÓN
Ubicación ES-MaACL
Número de control de estantería E-9959
Sublocalización o colección R.94343
Holdings
Estatus retirado Estado de pérdida Estado de daño No para préstamo Biblioteca de origen Biblioteca actual Ubicación en estantería Fecha de adquisición Fuente de adquisición Total de préstamos Signatura topográfica completa Código de barras Visto por última vez Precio de reemplazo Tipo de ítem Koha
        Biblioteca del Ateneo de Madrid Biblioteca del Ateneo de Madrid Depósito 2 17/01/2008     E-9959 1032925 23/02/2023 23/02/2023 Libro impreso